000 00885nam a2200229Ii 4500
003 JO-AjNU
008 230605s9999||||xx |||||||||||||| ||und||
017 _a2012/2240
020 _a978-977-04-7171-5
040 _aJO-AjNU
_bara
_erda
_cJO-AjNU
041 _aara
050 1 4 _aKZ6471.2012
100 3 _aمحمد، محمود توفيق محمد؛ تقديم احمد ابو الوفاء,
_eauthor
_964439
245 0 0 _aحماية الانسان في حالات الكوارث الطبيعية في ضوء القانون الدولي العام والشريعة الاسلامية: دراسة مقارنة
250 _aط1
264 3 1 _aالقاهرة: دار النهضة العربية، 2012
300 _a615ص
336 _atext
_btxt
_2rdacontent
337 _aunmediated
_bn
_2rdamedia
338 _avolume
_bnc
_2rdacarrier
650 4 _aحقوق الانسان
_964440
999 _aA29367
_c32935
_d32935